书目信息 |
| 题名: |
低压电力线路绝缘子第二部分架空电力线路用拉紧绝缘了:GB/T1386.2-1977
|
|
| 作者: | 国家技术监督局 发布 | |
| 分册: | ||
| 出版信息: | 北京 中国标准出版社 1997.11 |
|
| 页数: | 4页 | |
| 开本: | 16开 | |
| 丛书名: | ||
| 单 册: | ||
| 中图分类: | TM247-65 | |
| 科图分类: | ||
| 主题词: | 导电材料 , 导电材料--制品 | |
| 电子资源: | ||
| ISBN: | ||
| 000 | 00733nam0 2200205 45 | |
| 001 | 0009211590 | |
| 005 | 20000921152357.2 | |
| 010 | @d6.00元 | |
| 100 | @a20000921d1997 km y0chiy0120 ea | |
| 101 | 0 | @achi |
| 105 | @a z 000yy | |
| 200 | 1 | @a低压电力线路绝缘子第二部分架空电力线路用拉紧绝缘了:GB/T1386.2-1977@ADi Ya Dian Li Xian Lu Jue Yuan Zi Di Er Bu Fen Jia Kong Dian Li Xian Lu Yong La Jin Jue Yuan Le:GB/T1386.2-1977@f国家技术监督局发布@FGuo Jia Ji Shu Jian Du Ju Fa Bu |
| 210 | @a北京@c中国标准出版社@d1997.11 | |
| 215 | @a4页@d16开 | |
| 606 | 0 | @a导电材料 |
| 606 | 0 | @a导电材料@x制品 |
| 690 | @aTM247-65@v3 | |
| 701 | 0 | @a国家技术监督局@4发布 |
| 801 | @aCN@bPftUser@c20000921 | |
| 905 | @b150182-186@dTM247-65@eG:347:2@f5 | |
| 低压电力线路绝缘子第二部分架空电力线路用拉紧绝缘了:GB/T1386.2-1977/国家技术监督局发布.-北京:中国标准出版社,1997.11 |
| 4页;16开 |
| ISBN :6.00元 |
| ● |
| 相关链接 |
|
|
|
正题名:低压电力线路绝缘子第二部分架空电力线路用
索取号:TM247-65/G:347:2
 
预约/预借
| 序号 | 登录号 | 条形码 | 馆藏地/架位号 | 状态 | 备注 |
| 1 | 150182 | 201501829 | 自科二线504/504自科库 10排1列3层/ [索取号:TM247-65/G:347:2] | 在馆 | |
| 2 | 150183 | 201501838 | 自科二线504/504自科库 10排1列3层/ [索取号:TM247-65/G:347:2] | 在馆 | |
| 3 | 150184 | 201501847 | 自科二线504/504自科库 10排1列3层/ [索取号:TM247-65/G:347:2] | 在馆 | |
| 4 | 150185 | 201501856 | 自科库301/504自科库 10排1列3层/ [索取号:TM247-65/G:347:2] | 在馆 | |
| 5 | 150186 | 201501865 | 自科二线504/504自科库 10排1列3层/ [索取号:TM247-65/G:347:2] | 在馆 |